Statistics for Types of Sharks with Pictures (Easy)

Click here to take the quiz!

General Stats

  • This quiz has been taken 1,028 times
  • The average score is 8 of 10

Answer Stats

SharkName% Correct
Great White Shark (Carcharodon carcharias)
99%
Great Hammerhead (Sphyrna mokarran)
97%
Whale Shark (Rhincodon typus)
92%
Tiger Shark (Galeocerdo cuvier)
90%
Bull Shark (Carcharhinus leucas)
73%
Shortfin Mako Shark (Isurus oxyrinchus)
64%
Basking Shark (Cetorhinus maximus)
63%
Blacktip Reef Shark (Carcharhinus melanopterus)
61%
Nurse Shark (Ginglymostoma cirratum)
61%
Blue Shark (Prionace glauca)
57%

Score Distribution

Percentile by Number Answered

Percent of People with Each Score

Your Score History

You have not taken this quiz